Juvenile Animal Names Quiz Stats

 Plays Quiz not verified by Sporcle

Score 0/50 Timer 07:00
0 Plays Today
Animal Juvenile Name % Correct
BadgerKit,Cub
94.6%
BeaverPup,Kitten
94.6%
FerretKit
91.1%
HedgehogPiglet,Pup
89.3%
BearCub
87.5%
CheetahCub
87.5%
ChickenChick,Pullet,Cockrell
87.5%
CatKitten
85.7%
CoyotePup,Whelp
85.7%
HumanBaby,Infant,Toddler
85.7%
ApeBaby
83.9%
ButterflyCaterpillar,Larva,Pupa,Chrysalis
83.9%
DuckDuckling
83.9%
HorseFowl,Colt,Filly
83.9%
ArmadilloPup
82.1%
BatPup
82.1%
DonkeyColt,Fowl
80.4%
GoatKid,Billy
80.4%
FrogTadpole,Polliwog,Froglet
78.6%
SheepLamb,Lambkin,Cosset
78.6%
DeerFawn
73.2%
KangarooJoey
71.4%
WombatJoey
71.4%
BeeLarva
67.9%
BoarPiglet,Shoat,Farrow
66.1%
Animal Juvenile Name % Correct
FlyMaggot
66.1%
EagleFledgling,Eaglet
57.1%
AntelopeCalf
51.8%
CamelCalf
51.8%
OwlOwlet,Fledgling
51.8%
SwanCygnet,Flapper
50%
AlligatorHatchling
42.9%
GorillaInfant
39.3%
DoveSquab
33.9%
PigeonSquab,Squeaker
33.9%
HareLeveret
32.1%
PeafowlPeachick
32.1%
EelLeptocephalus,Elver
28.6%
TurkeyPoult
23.2%
AlpacaCria
21.4%
CockroachNymph
21.4%
GrasshopperNymph
21.4%
PlatypusPuggle
17.9%
SpiderSpiderling
17.9%
OysterSpat
14.3%
MousePinkie
12.5%
TroutFingerling
12.5%
HawkEyas
10.7%
MosquitoInymph,Wriggler,Tumbler
8.9%
JellyfishEphyna
3.6%

You're not logged in!

Compare scores with friends on all Sporcle quizzes.
OR
Log In

Show Comments

Extras

Created Nov 19, 2010ReportNominate
Tags:Animal Quiz, juvenile

Top Quizzes Today


Score Distribution

Your Account Isn't Verified!

In order to create a playlist on Sporcle, you need to verify the email address you used during registration. Go to your Sporcle Settings to finish the process.

Report this User

Report this user for behavior that violates our Community Guidelines.

Details: